[Event "36th Reykjavik op"]
[Site "Reykjavik ISL"]
[Date "2023.03.29"]
[Round "1.2"]
[White "Grandelius, Nils"]
[Black "Large, Peter G"]
[WhiteElo "2658"]
[BlackElo "2227"]
[Result "1-0"]
[EventDate "2023.03.29"]
[PlyCount "65"]

1. Nf3 Nf6 2. g3 b6 3. d4 e6 4. Bg2 Bb7 5. c4 Bb4+ 6. Bd2 a5 7. O-O O-O 8. Bf4 Be7
9. Qc2 Na6 10. Nc3 d5 11. Ne5 Qc8 12. e4 dxe4 13. Nxe4 c5 14. Rfd1 cxd4 15. Rxd4
Nc5 16. Nd6 Bxd6 17. Rxd6 Bxg2 18. Kxg2 Qb7+ 19. f3 Rac8 20. Qe2 Ne8 21. Rd2 Nf6
22. Rad1 h6 23. Rd4 Rfe8 24. Qe3 Kh7 25. Bxh6 gxh6 26. Rh4 Ng8 27. Ng4 Qe7 28. Rxh6+
Kg7 29. Rd4 Kf8 30. Rh8 f5 31. Nh6 Qf6 32. Rxg8+ Ke7 33. Rg7+  1-0

[Event "36th Reykjavik op"]
[Site "Reykjavik ISL"]
[Date "2023.03.29"]
[Round "1.3"]
[White "Dieu, Bruno"]
[Black "Tari, Aryan"]
[WhiteElo "2219"]
[BlackElo "2649"]
[Result "0-1"]
[EventDate "2023.03.29"]
[PlyCount "124"]

1. d4 d5 2. Nf3 Nf6 3. e3 e6 4. Bd3 b6 5. b3 Bb7 6. O-O Bd6 7. Bb2 O-O 8. Nbd2 Ne4
9. c4 Nd7 10. Qc2 f5 11. Rad1 Qe7 12. Ne5 Ndf6 13. f3 Nxd2 14. Rxd2 c5 15. Re2 Rac8
16. Qb1 Rfd8 17. Rd1 Qc7 18. a3 dxc4 19. Bxc4 Nd5 20. g3 Re8 21. Kg2 a6 22. a4 Rcd8
23. Rf1 Kh8 24. Nd3 cxd4 25. exd4 f4 26. gxf4 Bxf4 27. Qe1 Bh6 28. Bc1 Bxc1 29. Qxc1
Qf7 30. Qg5 Rf8 31. Bxd5 Bxd5 32. Ne5 Qf6 33. Qe3 Rc8 34. Rd2 Rc7 35. Rff2 Rfc8 36.
Rd3 a5 37. Kg3 Rc1 38. Rg2 Rf1 39. h4 h6 40. Rc3 Rf8 41. Rf2 Rh1 42. Rh2 Rxh2 43.
Kxh2 Qxh4+ 44. Kg2 Kh7 45. Qd3+ Kg8 46. Rc7 Qg5+ 47. Kf2 h5 48. Qe3 Qh4+ 49. Kg2
Qf6 50. Rc1 Qf4 51. Rc3 Qf5 52. Rc1 Kh7 53. Rh1 Rc8 54. Kg3 Rc2 55. Qd3 Qxd3 56.
Nxd3 g6 57. Nf4 Rd2 58. Nxd5 exd5 59. Kf4 Rxd4+ 60. Ke5 Rb4 61. Rc1 Rxb3 62. f4 Rb4
 0-1

[Event "36th Reykjavik op"]
[Site "Reykjavik ISL"]
[Date "2023.03.29"]
[Round "1.4"]
[White "Yilmaz, Mustafa"]
[Black "Andrews, Todd"]
[WhiteElo "2629"]
[BlackElo "2217"]
[Result "1-0"]
[EventDate "2023.03.29"]
[PlyCount "70"]

1. d4 Nf6 2. c4 g6 3. Nc3 Bg7 4. e4 d6 5. Nf3 O-O 6. Be2 e5 7. O-O Nc6 8. d5 Ne7
9. b4 Nh5 10. a4 Nf4 11. Re1 Nxe2+ 12. Qxe2 a5 13. bxa5 Rxa5 14. Bd2 Ra6 15. a5 f5
16. Na4 h6 17. Bb4 fxe4 18. Nd2 Nf5 19. Nxe4 Nd4 20. Qd3 Rf4 21. c5 Bf5 22. cxd6
cxd6 23. f3 h5 24. Rab1 Bd7 25. Nb6 Bb5 26. Qd1 Bf8 27. Bc3 Be8 28. Rc1 Nb5 29. Bd2
Rf5 30. Rc8 Qe7 31. g4 hxg4 32. fxg4 Bd7 33. gxf5 Bxc8 34. Nxc8 Qd8 35. Qg4 Ra8  1-0

[Event "36th Reykjavik op"]
[Site "Reykjavik ISL"]
[Date "2023.03.29"]
[Round "1.5"]
[White "Rebers, Eugene"]
[Black "Gupta, Abhijeet"]
[WhiteElo "2213"]
[BlackElo "2620"]
[Result "0-1"]
[EventDate "2023.03.29"]
[PlyCount "72"]

1. d4 Nf6 2. Bf4 g6 3. Nf3 Bg7 4. e3 O-O 5. Be2 c5 6. c3 Qb6 7. Qb3 d6 8. Nbd2 Be6
9. Bc4 Bxc4 10. Nxc4 Qxb3 11. axb3 Nbd7 12. dxc5 Nxc5 13. b4 Ne6 14. h3 Nd5 15. Bh2
Nxc3 16. bxc3 Bxc3+ 17. Ke2 Bxa1 18. Rxa1 Rfc8 19. Nfd2 f5 20. f3 Kf8 21. e4 b5 22.
Ne3 Rc3 23. Nd5 Nd4+ 24. Kd1 Rd3 25. Bf4 Kf7 26. Nc7 Rd8 27. Rxa7 Rd7 28. Nxb5 Rxa7
29. Nxa7 Ra3 30. Nc4 Rxa7 31. Na5 fxe4 32. Be3 e5 33. Bxd4 exd4 34. fxe4 Ra6 35.
Kc2 Rb6 36. Kb3 Ke6  0-1

[Event "36th Reykjavik op"]
[Site "Reykjavik ISL"]
[Date "2023.03.29"]
[Round "1.6"]
[White "Banusz, Tamas"]
[Black "Townsend, M. Paul"]
[WhiteElo "2616"]
[BlackElo "2209"]
[Result "1-0"]
[EventDate "2023.03.29"]
[PlyCount "81"]

1. Nf3 Nf6 2. g3 d5 3. Bg2 e6 4. O-O Be7 5. c4 O-O 6. d4 c6 7. Nc3 Nbd7 8. Qd3 b6
9. e4 Ba6 10. b3 Rc8 11. Rd1 c5 12. exd5 exd5 13. Qc2 Bb7 14. Bf4 Re8 15. dxc5 Rxc5
16. Be3 Ra5 17. Nd4 Qc8 18. cxd5 Ne5 19. a4 Bb4 20. Na2 Bf8 21. Qxc8 Rxc8 22. Bf4
Ng6 23. Bd2 Rac5 24. Bb4 Bxd5 25. Bxc5 bxc5 26. Bxd5 cxd4 27. Rxd4 Rc2 28. Be4 Rb2
29. Bxg6 hxg6 30. Rd8 Ne4 31. Re1 Ng5 32. Nc1 Nf3+ 33. Kf1 Nxe1 34. Kxe1 f6 35. Rb8
a5 36. Nd3 Ra2 37. Rb5 Ra3 38. Kd2 Bd6 39. Kc3 Ra2 40. Rxa5 Kf7 41. Ra7+  1-0

[Event "36th Reykjavik op"]
[Site "Reykjavik ISL"]
[Date "2023.03.29"]
[Round "1.7"]
[White "Cieslak, Patryk"]
[Black "Fier, Alexandr"]
[WhiteElo "2207"]
[BlackElo "2606"]
[Result "1-0"]
[EventDate "2023.03.29"]
[PlyCount "63"]

1. e4 c5 2. Nf3 d6 3. Bb5+ Nd7 4. c3 Ngf6 5. Bd3 g6 6. Bc2 Bg7 7. d4 O-O 8. O-O b5
9. Qe2 Bb7 10. Nbd2 Rb8 11. Re1 e5 12. dxe5 dxe5 13. a4 b4 14. Nc4 Qe7 15. cxb4 cxb4
16. Be3 b3 17. Bd3 Nh5 18. Na5 Ba8 19. Bb5 Nf4 20. Bxf4 exf4 21. Nc6 Bxc6 22. Bxc6
Rfc8 23. Rac1 Nc5 24. Bd5 Nxa4 25. Rxc8+ Rxc8 26. Bxb3 Nxb2 27. e5 Qa3 28. Qb5 Qe7
29. Ba2 Qa3 30. Bxf7+ Kh8 31. e6 Qe7 32. Qd7  1-0

[Event "36th Reykjavik op"]
[Site "Reykjavik ISL"]
[Date "2023.03.29"]
[Round "1.8"]
[White "Can, Emre"]
[Black "Ricken, Katharina"]
[WhiteElo "2600"]
[BlackElo "2205"]
[Result "1-0"]
[EventDate "2023.03.29"]
[PlyCount "101"]

1. d4 d5 2. c4 e6 3. Nc3 Nf6 4. cxd5 exd5 5. Bg5 Nbd7 6. e3 c6 7. Bd3 Be7 8. Nge2
Nh5 9. Bxe7 Qxe7 10. g4 Nhf6 11. Ng3 Nb6 12. g5 Nfd7 13. h4 Nf8 14. a4 Be6 15. a5
Nc8 16. Qc2 Nd6 17. a6 b6 18. O-O-O O-O-O 19. f3 Kb8 20. e4 Ng6 21. Qh2 Qc7 22. Nh5
Rhg8 23. Kb1 dxe4 24. fxe4 Bg4 25. Be2 Bxh5 26. Bxh5 Rge8 27. Bf3 Nc4 28. e5 Ne3
29. Rc1 Re6 30. Qf2 Nc4 31. Ne4 Na5 32. Bg4 Ree8 33. Nd6 Rf8 34. b4 f6 35. gxf6 gxf6
36. Qb2 fxe5 37. dxe5 Nxe5 38. Qxe5 Rxd6 39. bxa5 Rd2 40. Qxc7+ Kxc7 41. Rhf1 Rff2
42. Rxf2 Rxf2 43. Rd1 Rf7 44. Kc2 c5 45. axb6+ Kxb6 46. Rd6+ Kb5 47. Kc3 Rf4 48.
Be2+ c4 49. Rh6 Re4 50. Rh5+ Kxa6 51. Bxc4+  1-0

[Event "36th Reykjavik op"]
[Site "Reykjavik ISL"]
[Date "2023.03.29"]
[Round "1.9"]
[White "Cornelisse, John"]
[Black "Erdos, Viktor"]
[WhiteElo "2203"]
[BlackElo "2587"]
[Result "0-1"]
[EventDate "2023.03.29"]
[PlyCount "148"]

1. e4 c5 2. Nf3 Nc6 3. Bb5 g6 4. O-O Bg7 5. c3 Nf6 6. Re1 a6 7. Bxc6 dxc6 8. d4 Bg4
9. Nbd2 cxd4 10. cxd4 O-O 11. h3 Bxf3 12. Nxf3 Nd7 13. Be3 Qa5 14. Qb3 Qb5 15. Qa3
Rfe8 16. Rad1 a5 17. Bc1 a4 18. d5 Nb6 19. Nd4 Qc4 20. Be3 cxd5 21. Ne6 fxe6 22.
Bxb6 Qb5 23. Bd4 e5 24. Bc5 e6 25. Rc1 Rad8 26. Bd6 Qa6 27. Bc7 Rd7 28. Qg3 Bh6 29.
Rc5 b6 30. Rc2 d4 31. Bxe5 d3 32. Rc6 d2 33. Rd1 Qe2 34. Qg4 Qe1+ 35. Kh2 Rf7 36.
Bg3 Bg7 37. e5 Bxe5 38. Rc2 Bxg3+ 39. Kxg3 Qxf2+ 40. Kh2 Rf4 41. Qg5 Rf5 42. Qxd2
Qxd2 43. Rdxd2 Re7 44. Rc8+ Kg7 45. Rb8 b5 46. Kg3 h5 47. h4 Rc7 48. Rdd8 Re5 49.
Kf4 Re2 50. Rxb5 Rxg2 51. Ke5 Rg4 52. Rd4 Rxd4 53. Kxd4 Kf6 54. Kd3 a3 55. bxa3 Ra7
56. Rb3 Ra4 57. Kc3 Rxh4 58. Rb7 Ra4 59. Kb3 Ra8 60. Rh7 e5 61. a4 e4 62. Rc7 e3
63. Rc4 Kf5 64. Kc2 Rd8 65. Rc7 h4 66. Re7 Kf4 67. Rf7+ Kg3 68. Re7 Kf2 69. Rf7 Ke1
70. a5 Rc8+ 71. Kd3 e2 72. Rb7 Rd8+ 73. Ke3 Re8+ 74. Kd3 Kf1  0-1

[Event "36th Reykjavik op"]
[Site "Reykjavik ISL"]
[Date "2023.03.29"]
[Round "1.10"]
[White "Gajewski, Grzegorz"]
[Black "Nielsen, Andre"]
[WhiteElo "2587"]
[BlackElo "2201"]
[Result "0-1"]
[EventDate "2023.03.29"]
[PlyCount "62"]

1. d4 d5 2. c4 e6 3. Nc3 c5 4. e3 Nf6 5. Nf3 dxc4 6. Bxc4 a6 7. Bd3 Nc6 8. O-O cxd4
9. exd4 Be7 10. a3 O-O 11. Re1 b6 12. Bg5 Bb7 13. Bb1 Nd5 14. Nxd5 Bxg5 15. Nxb6
Qxb6 16. Nxg5 g6 17. d5 exd5 18. Ba2 Rad8 19. b4 a5 20. b5 Nd4 21. a4 Qf6 22. Qd2
h6 23. Rad1 Rfe8 24. Nh3 Qh4 25. Nf4 Re4 26. Nxg6 Qg4 27. Kf1 Qxg6 28. Bb1 Rxe1+
29. Qxe1 Qf6 30. Qxa5 Re8 31. Qa7 Qe5  0-1

[Event "36th Reykjavik op"]
[Site "Reykjavik ISL"]
[Date "2023.03.29"]
[Round "1.11"]
[White "Melzner, Lukas"]
[Black "Lagarde, Maxime"]
[WhiteElo "2199"]
[BlackElo "2581"]
[Result "0-1"]
[EventDate "2023.03.29"]
[PlyCount "106"]

1. c4 b6 2. Nc3 Bb7 3. e4 e5 4. g3 Bc5 5. Bg2 Nc6 6. d3 Nge7 7. Nf3 d6 8. a3 a5 9.
O-O O-O 10. Be3 f5 11. d4 exd4 12. Nxd4 Nxd4 13. Bxd4 f4 14. Bxc5 bxc5 15. Re1 Ng6
16. Nd5 Kh8 17. Nxf4 Nxf4 18. gxf4 Rxf4 19. Re3 Qh4 20. Qe2 Raf8 21. Rf1 a4 22. e5
Bxg2 23. Kxg2 Rxc4 24. e6 Qg4+ 25. Qxg4 Rxg4+ 26. Kh3 Rgf4 27. e7 Re8 28. Kg3 Rd4
29. Rfe1 c4 30. R1e2 Kg8 31. Kg2 g5 32. Rg3 h6 33. Rh3 Rg4+ 34. Kh1 Kg7 35. Rhe3
d5 36. Re5 d4 37. R2e4 Rxe4 38. Rxe4 c5 39. Re5 Kf6 40. Rxc5 Rxe7 41. Rxc4 Ke5 42.
Kg2 d3 43. Rc5+ Kd4 44. Rc6 h5 45. Ra6 Kc5 46. Ra5+ Kc4 47. Rxa4+ Kb3 48. Rd4 Kc2
49. Rd8 d2 50. Rc8+ Kxb2 51. Rb8+ Kc2 52. Rc8+ Kd3 53. Rd8+ Ke2  0-1

[Event "36th Reykjavik op"]
[Site "Reykjavik ISL"]
[Date "2023.03.29"]
[Round "1.12"]
[White "Livaic, Leon"]
[Black "Sharma, Isha"]
[WhiteElo "2569"]
[BlackElo "2197"]
[Result "1-0"]
[EventDate "2023.03.29"]
[PlyCount "139"]

1. e4 e5 2. Nf3 Nc6 3. Bb5 a6 4. Bxc6 dxc6 5. O-O Bd6 6. c3 Nf6 7. Re1 O-O 8. d4
Nd7 9. Bg5 Be7 10. Bxe7 Qxe7 11. Nbd2 c5 12. d5 Nb6 13. Qc2 Bg4 14. h3 Bh5 15. c4
Nd7 16. Re3 Bg6 17. Qc3 Rfe8 18. Nf1 Nf6 19. Ng3 Nh5 20. Nxh5 Bxh5 21. Ne1 a5 22.
Nd3 Bg6 23. Rae1 b6 24. g3 f6 25. f4 Qd6 26. f5 Bf7 27. g4 Kf8 28. Rg3 Ke7 29. g5
Rh8 30. Kh2 h6 31. gxf6+ gxf6 32. Reg1 Rag8 33. Qd2 h5 34. Ne1 Qd8 35. Nf3 Rxg3 36.
Rxg3 Rg8 37. Qh6 Rxg3 38. Kxg3 Qg8+ 39. Kf2 Be8 40. b3 Bf7 41. a3 Be8 42. Qd2 Bf7
43. b4 axb4 44. axb4 Qa8 45. bxc5 bxc5 46. Qb2 Qa4 47. Nd2 Qd1 48. Ke3 Be8 49. Qb1
Qa4 50. Qb7 Qa5 51. d6+ Kd8 52. dxc7+ Qxc7 53. Qd5+ Kc8 54. Qe6+ Qd7 55. Qxf6 Qd4+
56. Ke2 Bd7 57. Qh8+ Kc7 58. Qxh5 Ba4 59. Qg5 Qa1 60. Qe3 Kb6 61. Kf2 Qh1 62. Kg3
Qd1 63. Nf3 Qd6 64. Qc3 Qf8 65. Qxe5 Qg8+ 66. Kf4 Qxc4 67. Qd6+ Ka5 68. f6 Bb3 69.
Nd2 Qc1 70. Qxc5+  1-0

[Event "36th Reykjavik op"]
[Site "Reykjavik ISL"]
[Date "2023.03.29"]
[Round "1.13"]
[White "Leonard, Timo"]
[Black "Cornette, Matthieu"]
[WhiteElo "2196"]
[BlackElo "2563"]
[Result "0-1"]
[EventDate "2023.03.29"]
[PlyCount "126"]

1. d4 Nf6 2. c4 e6 3. Nf3 d5 4. Nc3 a6 5. cxd5 exd5 6. Bg5 Be6 7. Qb3 Nbd7 8. Qxb7
Rb8 9. Qxa6 Rxb2 10. a3 Qb8 11. Bxf6 gxf6 12. e3 Qb3 13. Qc8+ Ke7 14. Nd1 Qb6 15.
Qa6 Qxa6 16. Bxa6 Rb6 17. Be2 Bg7 18. a4 Ra8 19. O-O f5 20. Nc3 c5 21. Bb5 c4 22.
a5 Rd6 23. Rfb1 Nb8 24. Ne1 Bf6 25. f4 Kf8 26. Ra2 Bd8 27. a6 Nxa6 28. Rba1 Bc8 29.
Nxd5 Rb8 30. Bxa6 Bxa6 31. Rxa6 Rxd5 32. Rc6 Rb3 33. Kf2 Ra5 34. Rxa5 Rb2+ 35. Kg3
Bxa5 36. Nf3 c3 37. Ne5 c2 38. Rc8+ Kg7 39. Nd3 Rb3 40. Nc1 Rc3 41. Ra8 Bb4 42. Kf3
Ba3 43. Rxa3 Rxa3 44. Ke2 Kf6 45. Kd2 Ke6 46. Kxc2 Rxe3 47. Kd2 Ra3 48. Ne2 Kd5 49.
Nc3+ Kc4 50. Ne2 h5 51. Ng3 Kxd4 52. Ke2 Ra5 53. Nxh5 Ke4 54. Kf2 Ra6 55. Kg3 Rg6+
56. Kh3 Ke3 57. g3 Kf3 58. Kh4 Kg2 59. h3 Kf3 60. g4 fxg4 61. f5 Rg8 62. hxg4 Rxg4+
63. Kh3 Rg5  0-1

[Event "36th Reykjavik op"]
[Site "Reykjavik ISL"]
[Date "2023.03.29"]
[Round "1.14"]
[White "Dziuba, Marcin"]
[Black "Bruchmann, Stephan"]
[WhiteElo "2554"]
[BlackElo "2185"]
[Result "1-0"]
[EventDate "2023.03.29"]
[PlyCount "37"]

1. d4 d5 2. c4 c6 3. Nf3 Nf6 4. Nc3 dxc4 5. a4 a5 6. e4 Bg4 7. Bxc4 e6 8. Be3 Bb4
9. Qd3 Nbd7 10. Nd2 e5 11. h3 exd4 12. Bxd4 Be6 13. e5 Bxc4 14. Nxc4 Nd5 15. O-O
Nf4 16. Qg3 Ne6 17. Rad1 O-O 18. Ne4 Nxd4 19. Rxd4  1-0

[Event "36th Reykjavik op"]
[Site "Reykjavik ISL"]
[Date "2023.03.29"]
[Round "1.15"]
[White "Mack, Andrew"]
[Black "Pranav, V"]
[WhiteElo "2183"]
[BlackElo "2545"]
[Result "0-1"]
[EventDate "2023.03.29"]
[PlyCount "80"]

1. Nf3 Nf6 2. e3 d5 3. c4 e6 4. b3 Bd6 5. Bb2 O-O 6. Nc3 b6 7. d4 Bb7 8. Bd3 Nbd7
9. O-O a6 10. Rc1 Qe7 11. Na4 dxc4 12. bxc4 Rfd8 13. Qe2 e5 14. c5 e4 15. cxd6 cxd6
16. Nd2 exd3 17. Qxd3 b5 18. Nc3 b4 19. Ne2 a5 20. Rfe1 d5 21. Ng3 Qe6 22. Nb3 g6
23. Nc5 Qb6 24. h4 h5 25. e4 dxe4 26. Ngxe4 Nxe4 27. Nxe4 Bd5 28. a3 Re8 29. axb4
axb4 30. Nc5 Nf6 31. f3 Ra2 32. Re2 Qd6 33. Ne4 Bxe4 34. fxe4 Rxb2 35. Rxb2 Rxe4
36. Rf2 Rxh4 37. g3 Rg4 38. Rg2 Rxd4 39. Qf3 Kg7 40. Rf2 Rd3  0-1

[Event "36th Reykjavik op"]
[Site "Reykjavik ISL"]
[Date "2023.03.29"]
[Round "1.16"]
[White "Papp, Gabor"]
[Black "Sivakumar, Ashvin"]
[WhiteElo "2544"]
[BlackElo "2181"]
[Result "1-0"]
[EventDate "2023.03.29"]
[PlyCount "93"]

1. e4 e5 2. Nf3 Nc6 3. Bb5 a6 4. Ba4 Nf6 5. O-O Be7 6. d3 d6 7. c3 O-O 8. Re1 b5
9. Bc2 Re8 10. Nbd2 Nb8 11. d4 Nbd7 12. Nf1 Bb7 13. Ng3 g6 14. a4 c5 15. d5 c4 16.
h3 Nc5 17. Be3 Nfd7 18. Rf1 Bf6 19. Ra3 Bg7 20. Qd2 Qc7 21. Nh2 Nb6 22. axb5 axb5
23. Rxa8 Rxa8 24. f4 Nbd7 25. f5 Nf6 26. Ng4 Nxg4 27. hxg4 f6 28. g5 Rf8 29. Ra1
Ra8 30. Rxa8+ Bxa8 31. Qf2 Qe7 32. Bxc5 dxc5 33. Bd1 Bb7 34. Bg4 fxg5 35. fxg6 hxg6
36. Be6+ Kh7 37. Nf5 Qf6 38. Nd6 Ba6 39. Ne8 Qe7 40. Bf7 Bc8 41. d6 Qa7 42. Nf6+
Kh6 43. Ng8+ Kh7 44. Ne7 Bd7 45. Bxg6+ Kh8 46. Qf7 Qb8 47. Bf5  1-0

[Event "36th Reykjavik op"]
[Site "Reykjavik ISL"]
[Date "2023.03.29"]
[Round "1.17"]
[White "Terhuven, Patrick"]
[Black "Jacobson, Brandon"]
[WhiteElo "2180"]
[BlackElo "2543"]
[Result "0-1"]
[EventDate "2023.03.29"]
[PlyCount "66"]

1. Nf3 Nf6 2. g3 g6 3. b3 d5 4. d4 c5 5. Bg2 cxd4 6. O-O Bg7 7. Bb2 O-O 8. Bxd4 Nc6
9. Bb2 Re8 10. Ne5 Bf5 11. Nd2 Qd6 12. Nxc6 bxc6 13. c4 Rad8 14. cxd5 cxd5 15. e3
e5 16. Re1 h5 17. Nf3 Ne4 18. Rc1 Qe6 19. Qe2 Bg4 20. Rc2 h4 21. Qf1 hxg3 22. hxg3
Bxf3 23. Bxf3 Ng5 24. Bg2 e4 25. Qe2 Bxb2 26. Rxb2 Qf5 27. Rd2 Kg7 28. Red1 Rh8 29.
Rd4 Nf3+ 30. Bxf3 exf3 31. Qf1 Rh7 32. Rh4 Rxh4 33. gxh4 Qg4+  0-1

[Event "36th Reykjavik op"]
[Site "Reykjavik ISL"]
[Date "2023.03.29"]
[Round "1.18"]
[White "Maze, Sebastien"]
[Black "Mohota, Nisha"]
[WhiteElo "2542"]
[BlackElo "2177"]
[Result "1-0"]
[EventDate "2023.03.29"]
[PlyCount "65"]

1. e4 e5 2. Nf3 Nc6 3. Bb5 a6 4. Ba4 Nf6 5. O-O Be7 6. d3 d6 7. c4 O-O 8. h3 Nd7
9. Be3 f5 10. exf5 Rxf5 11. Nc3 Nf8 12. d4 Nxd4 13. Nxd4 exd4 14. Qxd4 Ne6 15. Qd2
Qf8 16. Bc2 Rf7 17. Nd5 Bd8 18. f4 c6 19. Nc3 Ba5 20. Rad1 Bxc3 21. bxc3 Rd7 22.
Qd3 g6 23. f5 Nc5 24. Qd2 g5 25. Bxg5 d5 26. Bh6 Qf6 27. Bg5 Qf7 28. Qe3 Ne4 29.
f6 Kh8 30. Bh6 b5 31. Bxe4 dxe4 32. Rxd7 Bxd7 33. Qg5  1-0

[Event "36th Reykjavik op"]
[Site "Reykjavik ISL"]
[Date "2023.03.29"]
[Round "1.19"]
[White "Ruiz Buendia, Miguel"]
[Black "Gretarsson, Hjoervar Steinn"]
[WhiteElo "2172"]
[BlackElo "2538"]
[Result "0-1"]
[EventDate "2023.03.29"]
[PlyCount "70"]

1. e4 c6 2. d4 d5 3. e5 Bf5 4. Nd2 e6 5. Nb3 Nd7 6. Nf3 Qc7 7. Be2 c5 8. c3 c4 9.
Nbd2 f6 10. O-O fxe5 11. Nxe5 Nxe5 12. dxe5 Bc5 13. Nf3 Ne7 14. b4 cxb3 15. Bb5+
Nc6 16. Nd4 O-O 17. Bxc6 bxc6 18. Nxb3 Bb6 19. Bf4 c5 20. Qd2 a5 21. a4 Rab8 22.
Nc1 Ba7 23. Ne2 Rb3 24. Ng3 Bg6 25. h4 Qf7 26. Be3 d4 27. Qd1 Rxc3 28. Bd2 Rc2 29.
Ra3 d3 30. h5 c4 31. hxg6 Bxf2+ 32. Kh1 Qxg6 33. Rxf2 Rxf2 34. Be3 Qxg3 35. Bxf2
Rxf2  0-1

[Event "36th Reykjavik op"]
[Site "Reykjavik ISL"]
[Date "2023.03.29"]
[Round "1.20"]
[White "Visakh, N. R."]
[Black "Johannsson, Birkir Isak"]
[WhiteElo "2538"]
[BlackElo "2171"]
[Result "1-0"]
[EventDate "2023.03.29"]
[PlyCount "105"]

1. Nf3 d5 2. g3 g6 3. Bg2 Bg7 4. d4 c6 5. O-O Nf6 6. Nbd2 O-O 7. c3 Nbd7 8. Re1 c5
9. Nb3 b6 10. Ne5 Bb7 11. Nxd7 Nxd7 12. Be3 cxd4 13. Bxd4 Nf6 14. c4 e6 15. Rc1 Rc8
16. c5 Nd7 17. Bxg7 Kxg7 18. cxb6 Rxc1 19. Qxc1 Qxb6 20. Qd2 Rc8 21. e4 Nf6 22. exd5
Bxd5 23. Bxd5 Nxd5 24. Rc1 Rxc1+ 25. Nxc1 h5 26. Ne2 Nf6 27. h4 e5 28. Nc3 e4 29.
a3 Qc5 30. Qe3 Qc7 31. Qd4 Qb6 32. Qxb6 axb6 33. Kg2 Kf8 34. f3 exf3+ 35. Kxf3 Ke7
36. a4 Nd7 37. b4 Kd6 38. Ke4 f6 39. Kd4 g5 40. hxg5 fxg5 41. Ne4+ Kc6 42. Nxg5 Nf6
43. Ne6 Nd5 44. b5+ Kd6 45. Ng7 Nf6 46. Nf5+ Ke6 47. Ne3 Kd6 48. Nc4+ Kc7 49. Nd2
Ng4 50. Ne4 Kd7 51. Nc3 Nf2 52. Nd5 Nh1 53. Nf6+  1-0

[Event "36th Reykjavik op"]
[Site "Reykjavik ISL"]
[Date "2023.03.29"]
[Round "1.21"]
[White "Pandey, Srishti"]
[Black "Dvirnyy, Danyyil"]
[WhiteElo "2156"]
[BlackElo "2531"]
[Result "0-1"]
[EventDate "2023.03.29"]
[PlyCount "64"]

1. e4 c6 2. d4 d5 3. e5 Bf5 4. h4 h5 5. Bd3 Bxd3 6. Qxd3 Qa5+ 7. Nd2 e6 8. Ne2 Ne7
9. b4 Qa6 10. c4 Nf5 11. b5 Qa5 12. cxd5 cxd5 13. Nf4 g6 14. a4 Nd7 15. g3 a6 16.
O-O axb5 17. Nb3 Qb6 18. a5 Qa6 19. Bd2 Nb8 20. Rfc1 Nc6 21. Ne2 b4 22. Qxa6 Rxa6
23. Nc5 Bxc5 24. Rxc5 Kd7 25. Rb5 Rb8 26. Rb1 Nfxd4 27. Nxd4 Nxd4 28. R5xb4 Nf3+
29. Kg2 Nxd2 30. Rxb7+ Rxb7 31. Rxb7+ Ke8 32. g4 hxg4  0-1

[Event "36th Reykjavik op"]
[Site "Reykjavik ISL"]
[Date "2023.03.29"]
[Round "1.23"]
[White "Ornolfsson, Magnus P."]
[Black "Mons, Leon"]
[WhiteElo "2153"]
[BlackElo "2514"]
[Result "0-1"]
[EventDate "2023.03.29"]
[PlyCount "80"]

1. e4 c5 2. Nf3 d6 3. d4 cxd4 4. Nxd4 Nf6 5. Nc3 Nc6 6. Bg5 e6 7. Qd2 a6 8. O-O-O
Bd7 9. f3 Nxd4 10. Qxd4 h6 11. Be3 Bc6 12. Bc4 Be7 13. g4 b5 14. Bb3 a5 15. a4 b4
16. Ne2 d5 17. e5 Nd7 18. f4 Nc5 19. f5 Rc8 20. Kb1 Qd7 21. Rhf1 Bxa4 22. fxe6 fxe6
23. Bxa4 Qxa4 24. Nf4 Rf8 25. Nh5 Rxf1 26. Nxg7+ Kd7 27. Rxf1 Ne4 28. Qd3 Nc3+ 29.
Kc1 Qa1+ 30. Kd2 Qxb2 31. Nxe6 Ne4+ 32. Kd1 Kxe6 33. Qa6+ Nd6 34. exd6 Qxc2+ 35.
Ke1 Bh4+ 36. Bf2 Bxf2+ 37. Rxf2 Qc1+ 38. Ke2 Rc2+ 39. Kf3 Qh1+ 40. Kg3 Qg1+  0-1

[Event "36th Reykjavik op"]
[Site "Reykjavik ISL"]
[Date "2023.03.29"]
[Round "1.24"]
[White "Vignesh, N. R."]
[Black "Kracht, Raphael"]
[WhiteElo "2513"]
[BlackElo "2145"]
[Result "1-0"]
[EventDate "2023.03.29"]
[PlyCount "80"]

1. e4 e5 2. Nf3 Nc6 3. Bb5 Nf6 4. d3 Bc5 5. c3 O-O 6. O-O d5 7. exd5 Qxd5 8. Bc4
Qd8 9. Nbd2 Bf5 10. Qe2 Bd6 11. Ne4 Nxe4 12. dxe4 Bg4 13. h3 Bh5 14. g4 Bg6 15. Bg5
Qe8 16. Nh4 Be7 17. Nxg6 hxg6 18. Be3 Bd6 19. g5 Kh7 20. Kh2 Rh8 21. Qg4 Kg8 22.
Rad1 Qc8 23. Qg3 Nd8 24. f4 exf4 25. Bxf4 Bxf4 26. Rxd8+ Qxd8 27. Qxf4 Rh7 28. Bxf7+
Kh8 29. Bxg6 Qd6 30. Qxd6 cxd6 31. Kg3 Kg8 32. Bxh7+ Kxh7 33. Rf7 Kg6 34. Rxb7 Kxg5
35. Rxg7+ Kf6 36. Rb7 Ke5 37. Kf3 Rf8+ 38. Ke3 a6 39. Re7+ Kf6 40. Ra7 d5  1-0

[Event "36th Reykjavik op"]
[Site "Reykjavik ISL"]
[Date "2023.03.29"]
[Round "1.25"]
[White "Shundi, Matias"]
[Black "Stefansson, Hannes"]
[WhiteElo "2145"]
[BlackElo "2510"]
[Result "0-1"]
[EventDate "2023.03.29"]
[PlyCount "94"]

1. e4 c6 2. d4 d5 3. e5 Bf5 4. h4 h5 5. Bd3 Bxd3 6. Qxd3 Qa5+ 7. Nd2 e6 8. Ngf3 Nh6
9. O-O Nf5 10. c4 Be7 11. g3 dxc4 12. Nxc4 Qd5 13. Rd1 Nd7 14. Ng5 c5 15. dxc5 Qxd3
16. Rxd3 Nxc5 17. Rd1 O-O 18. Bd2 Rfc8 19. b3 b5 20. Ne3 Nd4 21. Be1 Bxg5 22. Rxd4
Bxe3 23. fxe3 Na6 24. Rad1 Rc2 25. R1d2 Rac8 26. Rd8+ Kh7 27. Kf2 Rxd2+ 28. Rxd2
Rc1 29. Ke2 Nb8 30. Rd1 Rc2+ 31. Rd2 Rc5 32. Rd8 Nc6 33. Rd7 Kg6 34. Bd2 a6 35. b4
Rc2 36. a3 Nxe5 37. Kd1 Nxd7 38. Kxc2 Kf5 39. Kd3 Ne5+ 40. Ke2 Ke4 41. Bc3 f6 42.
Bb2 Nc4 43. Bc1 f5 44. Bd2 Nxd2 45. Kxd2 Kf3 46. Kd3 e5 47. Kd2 Kxg3  0-1

[Event "36th Reykjavik op"]
[Site "Reykjavik ISL"]
[Date "2023.03.29"]
[Round "1.26"]
[White "Libiszewski, Fabien"]
[Black "Wecker, Martin"]
[WhiteElo "2499"]
[BlackElo "2144"]
[Result "1-0"]
[EventDate "2023.03.29"]
[PlyCount "85"]

1. e4 e5 2. Nf3 Nf6 3. Nc3 Nc6 4. Bb5 Bb4 5. O-O O-O 6. d3 Bxc3 7. bxc3 d6 8. Bg5
Qe7 9. Re1 h6 10. Bd2 a6 11. Bxc6 bxc6 12. h3 Be6 13. Qc1 Rfb8 14. Qa3 Qd8 15. c4
c5 16. Reb1 Nh7 17. Rxb8 Qxb8 18. Ba5 Nf8 19. Nd2 Ra7 20. Rf1 Ng6 21. Kh2 Qc8 22.
Nf3 Rb7 23. Ng1 f5 24. exf5 Bxf5 25. Ne2 e4 26. f4 exd3 27. cxd3 Rb8 28. Qc3 Qb7
29. Rf2 Qb2 30. Bxc7 Rb7 31. Bxd6 Qxc3 32. Nxc3 Bxd3 33. f5 Nf8 34. Bxc5 Bxc4 35.
Ne4 Bb5 36. f6 Rf7 37. Bd4 Ne6 38. Be5 g5 39. Nd6 Rd7 40. f7+ Kf8 41. Rf6 Nd8 42.
Nxb5 Rxf7 43. Nc7  1-0

[Event "36th Reykjavik op"]
[Site "Reykjavik ISL"]
[Date "2023.03.29"]
[Round "1.28"]
[White "Shyaamnikhil, P."]
[Black "Birkisson, Bardur Oern"]
[WhiteElo "2477"]
[BlackElo "2142"]
[Result "1/2-1/2"]
[EventDate "2023.03.29"]
[PlyCount "144"]

1. Nf3 d5 2. g3 c6 3. Bg2 Bg4 4. O-O Nf6 5. d4 e6 6. Nbd2 Nbd7 7. Re1 Bd6 8. e4 dxe4
9. Nxe4 Nxe4 10. Rxe4 Nf6 11. Re1 O-O 12. h3 Bh5 13. c4 Rc8 14. Qb3 Qb6 15. Qxb6
axb6 16. g4 Bg6 17. Ne5 Rfd8 18. Nxg6 hxg6 19. Be3 Rd7 20. Red1 Rcd8 21. Bf3 b5 22.
g5 Nh5 23. cxb5 cxb5 24. d5 Nf4 25. dxe6 Nxe6 26. Bg4 Be5 27. Rxd7 Rxd7 28. Rc1 Bxb2
29. Rb1 Bc3 30. Rxb5 Bd2 31. a4 Bxe3 32. fxe3 Rd3 33. Kf2 Ra3 34. Bd1 Nd8 35. Bb3
Kf8 36. Ke2 Ra1 37. h4 Ke7 38. Kd2 Rh1 39. Rb4 Rb1 40. Re4+ Ne6 41. Kc2 Ra1 42. Kb2
Re1 43. a5 Kd6 44. Bc4 Rh1 45. Ba2 Re1 46. Ka3 Ra1 47. Rb4 Nc5 48. Rb6+ Kc7 49. Rb5
Kd6 50. Kb2 Rh1 51. Bxf7 Rxh4 52. Rb6+ Ke7 53. Bb3 Re4 54. Rxg6 Nxb3 55. Kxb3 Rxe3+
56. Kb4 Re4+ 57. Kc5 Re5+ 58. Kb6 Kf7 59. Rd6 Rxg5 60. Rd7+ Kf6 61. Rxb7 Rg1 62.
a6 Ra1 63. a7 g5 64. Rb8 g4 65. a8=Q Rxa8 66. Rxa8 Ke5 67. Kc5 g3 68. Ra4 Kf5 69.
Kd5 g2 70. Ra8 Kf4 71. Rg8 Kf3 72. Rxg2 Kxg2  1/2-1/2